000 00644nam a2200277Ia 4500
005 20260324141441.0
008 008 260324s9999 xx 000 0 eng d
020 _a9781315837567
037 _aEBOOK
040 _aCRL
040 _beng
040 _cCRL
041 _2eng
041 _aeng
084 _qCRL
100 _aCedric, M.A. Ph.D. (Professor) Watts
_91208232
245 2 _aA Preface to Greene
260 _bTaylor and Francis
260 _c1997
365 _a
365 _b145
856 _uhttp://www.taylorfrancis.com/books/9781315837567
942 _cEBOOK
999 _c1811345
_d1811345